000 00465nam a2200181Ia 4500
008 151202s9999||||xx |||||||||||||| ||und||
082 _bPNVM-14111
100 _aभावे पु.भा.
245 _aअकुलिना.
260 _b---
260 _c0
300 _a0
600 _aभावे पु.भा.
630 _aअकुलिना.
700 _aभावे पु.भा.
730 _aअकुलिना.
942 _cBOOK
999 _c1280097
_d1280094